000 00594nam a22001217a 4500
008 110615t xxu||||| |||| 00| 0 eng d
010 _aSCCAF24
245 _aSupreme Court Criminal Appeal No. 9 OF 1998 Muyambi Edison Vs Uganda
260 _c1998
500 _aCoram: Oder JSC., Tsekooko JSC., Karokora JSC., Mulenga JSC., Mukasa-Kikonyogo JSC
500 _aAppeal from decision of the Court of Appeal at Kampala Manyindo DCJ., Kato J.A., Engwau J.A. dated 24/06/98 in Criminal Appeal NO. 52/97
999 _c2972
_d2972